[Event "Nordic Championship Women"]
[Site "Vaxjo"]
[Date "2017.07.02"]
[Round "7.5"]
[White "Mariano-Wagman, Cristine Rose"]
[Black "Fredericia Nilssen, Ellen"]
[Result "0-1"]
[WhiteElo "1933"]
[BlackElo "1948"]

1.e4 e6 2.d3 d5 3.Nc3 Nf6 4.e5 Nfd7 5.f4 c5 6.Nf3 Nc6 7.g3 a6 8.Bg2 Be7 9.
O-O b6 10.b3 Bb7 11.Bb2 Qc7 12.Ne2 O-O-O 13.c3 h5 14.d4 h4 15.g4 f6 16.h3 
Rdf8 17.g5 Qd8 18.Bc1 Qe8 19.Qe1 Qh5 20.f5 fxg5 21.fxe6 Ndb8 22.Nh2 Nd8 
23.Be3 Rxf1+ 24.Qxf1 Rf8 25.Bf3 Qg6 26.Qg2 Qd3 27.Ng4 Nxe6 28.Bxd5 Bxd5 
29.Qxd5 Nc7 30.Qg2 Ne6 31.Rf1 Rxf1+ 32.Qxf1 cxd4 33.Nxd4 Qxf1+ 34.Kxf1 Nf4
35.Nf5 Ba3 36.Bxf4 gxf4 37.Nxg7 Bb2 38.e6 Nc6 39.Nf5 Bxc3 40.Kg2 Kd8 41.
Kf3 Ke8 42.Kxf4 Nd8 43.Nd6+ Ke7 44.Nc8+ Kxe6 45.Nxb6 Nf7 46.Nc4 Be1 47.
Nge3 Bg3+ 48.Kg4 Nh6+ 49.Kg5 Nf7+ 50.Kh5 Kf6 51.Ng4+ Ke6 52.Nh6 Nxh6 53.
Kxh6 Kf5 54.Kh5 Ke4 55.Kg4 Kd3 56.Kf3 Kc2 57.Ke4 Kb1 58.Kd3 Kxa2 59.Kc2 
Bc7 60.Ne3 Ka3 61.Nf5 Bd8 62.Nd4 Bf6 63.Nc6 Bg7 64.Nb8 a5 65.Nc6 a4 66.b4 
Bf8 67.b5 Bc5 68.Kc3 Bf2 69.Nd4 Be1+ 70.Kc4 Kb2 71.b6 a3 72.Ne2 Bf2 73.Nd4
a2 74.Nb3 Bxb6 75.Kb4 Bd8 76.Kc4 Be7 0-1